000 01027nam a22002057a 4500
003 BDDh-ASL
005 20231015031057.0
008 221222s2016 ir ||||| |||| 00| 0 b d
040 _cBDDh-ASL
041 _aben
082 _a297
_bASH
245 0 0 _aআশুরা ও কারবালা বিষয়ক প্রশ্নোত্তর /
_cআবদুল্লাহ ও অন্যান্য (অনুবাদক);
246 _aAshura O Karbala Bishayak Prosnottor.
260 _aইরান:
_bআহলে বাইত (আ.) বিশ্ব সংস্থা ও বাংলাদেশ ইসলামী সাংস্কৃতিক পরিষদ,
_c২০১৬।
300 _a৩৩৪ পৃষ্ঠা:
_c২২ সে.মি.
650 0 _aAshura (আশুরা)
_96856
650 0 _aইসলাম ধর্ম (Islamic Religion)
_96085
_xKarbala (কারবালা)
700 _aকবীর, এ. কে. এম. আনােয়ারুল
_9801
942 _2ddc
_cBK
999 _c29836
_d29836